000 01433nas a2200301 i 4500
005 20260304145657.0
007 ta
008 260303e2015 dr fn p|ro || |ospa ||spa|
011 _a2018
020 _a2413-7707
040 _aDO-SdBNP
_bspa
_cBNPHU
_erda
041 _hspa
100 _aHallal, Farah,
_d1975-
_943403
_edirector/a
245 _aFuáquiti crítico y divertido /
_cFarah Hallal.
264 _aSanto Domingo, República Dominicana :
_bFuáquiti,
_c2015.
300 _avolumen :
_bilustraciones, fotografías ;
_c41 cm.
310 _aSemanal.
336 _atexto
_btxt
_2rdacontent
337 _asin mediación
_bn
_2rdamedia
338 _avolumen
_bnc
_2rdacarrier
362 _aAño 1. Número 1, septiembre 2015.
500 _aCatalogación basada en el: Año 1. Número 1, septiembre 2015.
500 _aSemanario de humor político.
500 _aEdición gratuita.
520 _aFuáquiti: una fiesta de apaga y vámonos. Hoy, sin lugar a dudas, es un día de fiesta. Y no sólo para el equipo de Fuáquiti, que empieza a celebrar que ya, por fin, este semanario está en tus manos. También lo debe ser para la gente común y corriente, como tú y como yo, que necesitamos de medios de comunicación que de verdad nos orienten, en vez de aupar a quienes hacen de este país un Arroz con mango.
650 0 _aHumorismo dominicano
_vPublicaciones periódicas
_9275
942 _2ddc
_cISSUE
999 _c60412
_d60412